| 000 | 02211cam a22003974a 4500 | ||
|---|---|---|---|
| 001 | 13707736 | ||
| 003 | OSt | ||
| 005 | 20231204152921.0 | ||
| 008 | 040901s2005 enka b 001 0 eng | ||
| 010 | _a 2004020776 | ||
| 020 | _a9780195166101 (cloth : acidfree paper) | ||
| 020 | _a0195166108 (cloth : acidfree paper) | ||
| 020 | _a9780195166118 (pbk. : acidfree paper) | ||
| 020 | _a0195166116 (pbk. : acidfree paper) | ||
| 040 |
_aDLC _cDLC _dDLC |
||
| 042 | _apcc | ||
| 043 | _aa-ii--- | ||
| 050 | 0 | 0 |
_aML338 _b.B23 2005 |
| 082 | 0 | 0 |
_a780.954 _bBAK/T |
| 100 | 1 |
_aBakhle, Janaki _910009 |
|
| 245 | 1 | 0 |
_aTwo men and music : _bnationalism in the making of an Indian classical tradition / _cJanaki Bakhle. |
| 260 |
_aOxford ; _aNew York : _bOxford University Press, _c2005. |
||
| 300 |
_axvi, 338 p. : _bill. ; _c25 cm. |
||
| 504 | _aIncludes bibliographical references (p. 315-330) and index. | ||
| 505 | 0 | _aThe prince and the musician : native states, bureaucracy, and colonial influence -- Music enters the public sphere : colonial writing, Marathi theater, and music appreciation societies -- The contradictions of music's modernity : Vishnu Narayan Bhatkhande -- The certainty of music's modernity : Vishnu Digambar Paluskar -- Music in public and national conversation : conferences, institutions, and agendas, 1916-1928 -- The musician and Gharana modern : Abdul Karim Khan and Hirabai Barodekar. | |
| 600 | 1 | 0 |
_aBhatkhande, Vishnu Narayan, _d1860-1936. |
| 600 | 1 | 0 |
_aPaluskar, Vishnu Degamber, _d1872-1931. |
| 650 | 0 |
_aMusic _xSocial aspects _zIndia. |
|
| 856 | 4 | 1 |
_3Table of contents only _uhttp://www.loc.gov/catdir/toc/ecip0422/2004020776.html |
| 856 | 4 | 2 |
_3Publisher description _uhttp://www.loc.gov/catdir/enhancements/fy0640/2004020776-d.html |
| 856 | 4 | 2 |
_3Contributor biographical information _uhttp://www.loc.gov/catdir/enhancements/fy0726/2004020776-b.html |
| 856 | 4 | 2 |
_3Book review (H-Net) _uhttp://www.h-net.org/review/hrev-a0f6o2-aa |
| 906 |
_a7 _bcbc _corignew _d1 _eecip _f20 _gy-gencatlg |
||
| 942 |
_2ddc _cBK _h780.954 _iBAK/T _k780.954 _mBAK/T |
||
| 999 |
_c43846 _d43846 |
||